Remembering revolution : (Record no. 72963)

MARC details
000 -LEADER
fixed length control field 00852nam a22002417a 4500
005 - DATE AND TIME OF LATEST TRANSACTION
control field 20130923143708.0
010 ## - LCCN (DPL NO)
LC control number ENG-106565
020 ## - INTERNATIONAL STANDARD BOOK NUMBER
International Standard Book Number 0198081723
Terms of availability 725.00
020 ## - INTERNATIONAL STANDARD BOOK NUMBER
International Standard Book Number 9780198081722
Terms of availability 725.00
035 ## - SYSTEM CONTROL NUMBER
System control number EN-90098
035 ## - SYSTEM CONTROL NUMBER
System control number B-512629
037 ## - SOURCE OF ACQUISITION
Source of stock number/acquisition DBAD / PUB
037 ## - SOURCE OF ACQUISITION
Source of stock number/acquisition BSB/Ven
082 ## - DEWEY DECIMAL CLASSIFICATION NUMBER
Classification number 322.420954
100 ## - MAIN ENTRY--PERSONAL NAME
Personal name Roy, Srila
245 ## - TITLE STATEMENT
Title Remembering revolution :
Statement of responsibility, etc by Srila Roy
Remainder of title gender, violence, and subjectivity in India's naxalbari movement /
260 ## - PUBLICATION, DISTRIBUTION, ETC. (IMPRINT)
Place of publication, distribution, etc New Delhi
Name of publisher, distributor, etc Oxford University Press
Date of publication, distribution, etc 2012
270 ## - ADDRESS
Address YMCA Library Building, Jai Singh Road
City New Delhi
Postal code 110001
300 ## - PHYSICAL DESCRIPTION
Extent ix, 252p.
Dimensions 22cm(Hb)
500 ## - GENERAL NOTE
General note Includes bibliographical references and index
942 ## - ADDED ENTRY ELEMENTS (KOHA)
Source of classification or shelving scheme Dewey Decimal Classification
Item type English Books
Call number suffix ROY
Classification part 322.420954
Holdings
Withdrawn status Lost status Not for loan Collection code Home library Current library Date acquired Source of acquisition Cost, normal purchase price Full call number Barcode Copy number Cost, replacement price Koha item type
      Non-fiction Central Library Central Library 23/09/2013 BSB/882/9.3.13/169/8.3.13/23.3.13 725.00 322.420954 ROY B-512629 1 725.00 English Books
      Non-fiction D.B.Act.Division D.B.Act.Division 15/01/2013 DBAD/PUB 725.00 ROY EN-90098 1 725.00 English Books

© Delhi Public Library
Hit Counter
free hit counter